000 01017nam a2200253Ia 4500
003 OSt
005 20220930094930.0
006 a|||||r|||| 00| 0
007 ta
008 220926b |||||||| |||| 00| 0 hin d
024 _a55569
037 _cTheses
040 _aCRL
_cCRL
_bhin
041 _2hin
_ahin
100 _aधीरज कुमार, ले.
110 _aदिल्ली विश्वविद्यालय. कला संकाय. हिंदी विभाग
_9556805
245 0 _aलोकप्रिय कविता समाजशास्त्र और बच्चन की कविता।
246 _aLokapriya kavitā samājashāstra aur bachchan kī kavitā।
260 _c2016
300 _a237 पृ.
_ap.
_ccm.
700 _aदिल्ली विश्वविद्यालय. कला संकाय. हिंदी विभाग
_9556806
942 _cDIS
_2CC
999 _c887990
_d887990